Statistics for Random European Flags Quiz

Click here to take the quiz!

General Stats

  • This quiz has been taken 333 times
  • The average score is 7 of 16

Answer Stats

Answer% Correct
Belarus
100%
Bulgaria
100%
Croatia
100%
Cyprus
100%
Czechia
100%
Denmark
100%
England
100%
France
100%
Ireland
100%
Kazakhstan
100%
Romania
100%
Sweden
100%
Switzerland
100%
Ukraine
100%
United Kingdom
100%
Belgium
96%
Estonia
96%
Poland
96%
Albania
95%
Armenia
95%
Azerbaijan
95%
Moldova
95%
Scotland
95%
Andorra
94%
European Union
94%
Greece
94%
Russia
94%
Serbia
94%
Slovakia
93%
Bavaria
92%
Iceland
92%
Turkey
92%
Germany
91%
Malta
91%
Papal States
90%
Great Britain
89%
Yugoslavia
89%
Austria
88%
Latvia
88%
Lithuania
88%
Slovenia
88%
Wales
88%
Austria-Hungary
87%
Vatican City
87%
Luxembourg
86%
Soviet Union
86%
Hungary
85%
Norway
85%
Finland
84%
Italy
84%
San Marino
84%
North Macedonia
83%
Spain
83%
Bosnia and Herzegovina
82%
Monaco
82%
Montenegro
82%
Netherlands
81%
Georgia
80%
Roman Empire
80%
Portugal
78%
Liechtenstein
76%
NATO
76%
Catalonia
75%
East Germany
73%
Rome
72%
Faroe Islands
71%
Northern Cyprus
71%
Barcelona
69%
Basque
64%
Gibraltar
63%
Sardinia
63%
Venice
63%
Crimea
62%
Hesse
62%
Luhansk
62%
Berlin
58%
Prussia
57%
Isle of Man
56%
Guernsey
53%
Hamburg
53%
Castilla-La Mancha
50%
Jersey
50%
Polish-Lithuanian Commonwealth
50%
Sweden and Norway
50%
Munich
47%
Amsterdam
45%
Northern Ireland
45%
Mecklenburg-Vorpommern
44%
Flanders
43%
Lapland
43%
Paris
43%
Brittany
42%
Corsica
42%
Lisbon
42%
London
42%
Moscow
42%
Canary Islands
41%
North Ossetia-Alania
40%
Asturias
38%
Cornwall
38%
Macedonian Empire
38%
Byzantine Empire
37%
Abkhazia
36%
Hapsburg Spain
35%
Helvetic Republic
35%
Athens
33%
Brandenburg
33%
Holy Roman Empire
33%
Madrid
33%
Transnistria
33%
Île-de-France
31%
Teutonic Order
31%
Wallonia
30%
Baden-Wurttemberg
29%
Saxony
28%
Warsaw
28%
Galicia
27%
Sicily
27%
Valencia
27%
Romani
26%
Artsakh
25%
North Rhine-Westphalia
25%
Schleswig-Holstein
25%
Vichy France
25%
Extremadura
24%
Madeira
24%
Saxony-Anhalt
24%
Lombardy
22%
Ottoman Empire
22%
Saint Petersburg
22%
Silesia
22%
South Ossetia
22%
Free France
21%
Kiev
21%
Andalusia
20%
Castile
19%
Normandy
19%
Sealand
19%
Bourgogne-Franche-Comté
18%
Balearic Islands
17%
Dagestan
17%
Kabardino-Balkaria
17%
Rhineland-Palatinate
17%
Bashkortostan
16%
Crete
16%
Free City of Danzig
15%
Edinburgh
14%
Lotharinigia
14%
Moravia
14%
Piedmont
14%
Saarland
14%
Celtic
13%
Gagauzia
13%
Kalmykia
13%
Karelia
13%
La Rioja
13%
Navarre
12%
Nouvelle-Aquitaine
12%
Alsace
11%
Aragon
11%
Bosniaks
11%
Golden Horde
11%
Lyon
11%
Republika Srpska
11%
Shetland
11%
Akrotiri and Dhekelia
10%
Cantabria
10%
Kalmar Union
10%
Karachay-Cherkessia
10%
Stockholm
10%
Castile and León
9%
Rusyn
9%
Sorb
9%
Adygea
8%
Birmingham
8%
Chechnya
8%
Mari El
8%
Provence-Alpes-Côte d'Azur
8%
Thuringia
8%
Brussels
7%
Kingdom of the Two Sicilies
7%
Murcia
7%
Tuscany
7%
Benelux
6%
Bremen
6%
Donetsk
6%
Ingria
6%
Kaliningrad
6%
Trieste
6%
Khakassia
5%
Komi
5%
Lower Saxony
5%
Mordovia
5%
Ingushetia
4%
Occitania
4%
Aosta Valley
0%
Aromanians
0%
Auvergne-Rhône-Alpes
0%
Batavian Republic
0%
Centre-Val de Loire
0%
Chuvashia
0%
Confederation of the Rhine
0%
Cossack
0%
Frankfurt
0%
Friuli Venezia Giulia
0%
Grand Est
0%
Hauts-de-France
0%
Hohenzollern
0%
Leon
0%
Liguria
0%
Northumbria
0%
Orkney
0%
Pays de la Loire
0%
Pomerania
0%
Scania
0%
Sevastopol
0%
South Tyrol
0%
Szekely
0%
Tatarstan
0%
Transcaucasia
0%
Transylvania
0%
Udmurtia
0%
Umbria
0%
Vojvodina
0%
Wallachia
0%
Wurttemberg
0%

Score Distribution

Percentile by Number Answered

Percent of People with Each Score

Your Score History

You have not taken this quiz